OBJECTIVE MATHEMATICS Volume 1,2 For All Engineering Entrance Exams (Record no. 207582)

MARC details
000 -LEADER
fixed length control field 00955nam a22002537a 4500
005 - DATE AND TIME OF LATEST TRANSACTION
control field 20250304150928.0
010 ## - LCCN (DPL NO)
LC control number DEC24SC ENG-142986-987 ENG-143956-957
020 ## - INTERNATIONAL STANDARD BOOK NUMBER
International Standard Book Number 9789358705140
Terms of availability 599.00
020 ## - INTERNATIONAL STANDARD BOOK NUMBER
International Standard Book Number 9789358707434
Terms of availability 749.00
035 ## - SYSTEM CONTROL NUMBER
System control number EN-126518-519
035 ## - SYSTEM CONTROL NUMBER
System control number EN-127488-489
037 ## - SOURCE OF ACQUISITION
Source of stock number/acquisition DBAD
082 ## - DEWEY DECIMAL CLASSIFICATION NUMBER
Classification number 510
Edition number 51
100 ## - MAIN ENTRY--PERSONAL NAME
Personal name Khanna, M.L
245 ## - TITLE STATEMENT
Title OBJECTIVE MATHEMATICS Volume 1,2 For All Engineering Entrance Exams
Statement of responsibility, etc By M.L. Khanna [and] Bhushan Muley
250 ## - EDITION STATEMENT
Edition statement 51
260 ## - PUBLICATION, DISTRIBUTION, ETC. (IMPRINT)
Place of publication, distribution, etc New Delhi
Name of publisher, distributor, etc S Chand and Company Limited
Date of publication, distribution, etc 2024
270 ## - ADDRESS
Address A-27, 2nd Floor, Mohan Co-operative Industrial Estate
City New Delhi
Postal code 110044
Electronic mail address info@schandpublishing.com
Telephone number 011-49731800
300 ## - PHYSICAL DESCRIPTION
Extent 675p.,500p.
Dimensions 26cm(pb)
490 ## - SERIES STATEMENT
Volume number/sequential designation Vol 1, Vol 2
500 ## - GENERAL NOTE
General note Chapter wise & Topic Wise 2500+ MCQs | JEE Main | As per NCERT - XII Syllabus
700 ## - ADDED ENTRY--PERSONAL NAME
Personal name Muley, Bhushan
Relator term Author
9 (RLIN) 74979
942 ## - ADDED ENTRY ELEMENTS (KOHA)
Source of classification or shelving scheme Dewey Decimal Classification
Item type English Books
Classification part 510
Call number suffix KHA
Edition 51
Holdings
Withdrawn status Lost status Materials specified (bound volume or other part) Not for loan Collection code Home library Current library Date acquired Source of acquisition Cost, normal purchase price Full call number Barcode Copy number Cost, replacement price Koha item type
    Vol 1   Non-fiction Central Library Central Library 11/12/2024 Delivery of Books Division 749.00 510 KHA EN-126518 1 749.00 English Books
    Vol 2   Non-fiction Central Library Central Library 11/12/2024 Delivery of Books Division 599.00 510 KHA EN-126519 1 599.00 English Books
    VOL-1   Non-fiction Central Library Central Library 04/03/2025 Delivery of Books Act Division 749.00 510 KHA EN-127488 1 749.00 English Books
        Non-fiction Sarojini Nagar Sarojini Nagar 04/03/2025 Delivery of Books Act Division 599.00 510 KHA EN-127489 1 599.00 English Books

© Delhi Public Library
Hit Counter
free hit counter